| Tag |
First Indicator |
Second Indicator |
Subfields |
| LEADER |
00000cam a2200000 4500 |
| 001 |
in00000074210 |
| 005 |
20151008052539.0 |
| 008 |
800402s1929 iluae 00000 eng |
| 010 |
|
|
|a 29015582
|
| 035 |
|
|
|a (OCoLC)06158185
|
| 035 |
|
|
|9 AAH3825AM
|
| 040 |
|
|
|a DLC
|c CLE
|d TXA
|d UtOrBLW
|
| 049 |
|
|
|a TXAM
|c [51387]
|
| 050 |
|
0 |
|a T47
|b .T7 1929
|
| 092 |
|
|
|a 371.425
|b T763 Rev. ed.
|
| 245 |
0 |
0 |
|a Trade foundations based on producing industries /
|c a pre-vocational text-book
|c by pre-vocational and vocational directors, instructors, and tradesmen, with preface by T. N. Carver.
|
| 264 |
|
1 |
|a Peoria, Ill. :
|b The Manual arts press,
|c [1929]
|
| 264 |
|
4 |
|c [©1929]
|
| 300 |
|
|
|a 3 pages ., ix-xix, 522 pages :
|b illustrations (including plans) diagrams ;
|c 24 cm.
|
| 336 |
|
|
|a text
|b txt
|2 rdacontent
|
| 337 |
|
|
|a unmediated
|b n
|2 rdamedia
|
| 338 |
|
|
|a volume
|b nc
|2 rdacarrier
|
| 500 |
|
|
|a "Revised edition."
|
| 505 |
0 |
|
|a Occupations, by R. H. Rodgers.--Materials, by J. I. Sowers.--Tools, by L. D. Perry.--Operations, by C. W. Sylvester.--Drawing, by G. M. Brace.--Pre-vocational shop work, by E. D. Hay, R. C. Keople, R. S. Whiting and others.
|
| 650 |
|
0 |
|a Industrial arts.
|
| 650 |
|
0 |
|a Occupations.
|
| 650 |
|
0 |
|a Vocational guidance.
|
| 999 |
|
|
|a MARS
|
| 999 |
f |
f |
|s 1740d62e-ba01-3aab-a218-6b0f47a30827
|i 8904b1b8-ea09-3880-9d6b-b72274721a6c
|t 0
|
| 952 |
f |
f |
|p ric
|a Texas A&M University
|b Rellis Campus
|c Joint Library Facility
|d Remote Storage
|t 0
|e T47 .T7 1929
|h Library of Congress classification
|i unmediated -- volume
|m A14800841738
|
| 998 |
f |
f |
|a T47 .T7 1929
|t 0
|l Remote Storage
|